000 00313nam a22001457a 4500
008 210518b ||||| |||| 00| 0 eng d
020 _a0970002874
041 _aeng
080 _23rd
_a004
082 _a004
100 _a28
101 _aSHKI
245 _aNetworking Essentials Plus
_cALS
942 _2udc
_cBK
999 _c57434
_d57434